Hebräisches und aramäisches Wörterbuch zum alten Testament : mit Einschaltung und Analyse aller schwer erkennbaren Formen, Deutung der Eigennamen sowie der massoretischen Randbemerkungen und einem deutsch-hebräischen Wortregister /
| Main Author: | |
|---|---|
| Format: | Book |
| Language: | German Hebrew Aramaic |
| Published: |
Leipzig :
Dieterich,
1910.
|
| Subjects: |
MARC
| Tag | First Indicator | Second Indicator | Subfields |
|---|---|---|---|
| LEADER | 00000cam a2200000 i 4500 | ||
| 001 | in00000007027 | ||
| 005 | 20151004080012.0 | ||
| 008 | 770302s1910 ge d 00110 ger d | ||
| 035 | |a (OCoLC)02772477 | ||
| 035 | |9 AAA1492AM | ||
| 040 | |a NVS |c NVS |d TXA |d UtOrBLW | ||
| 041 | 0 | |a ger |a heb |a arc | |
| 049 | |a TXAM |c [A12617535] | ||
| 050 | 4 | |a PJ4835.G5 |b K6 1910 | |
| 100 | 1 | |a König, Eduard, |d 1846-1936. | |
| 245 | 1 | 0 | |a Hebräisches und aramäisches Wörterbuch zum alten Testament : |b mit Einschaltung und Analyse aller schwer erkennbaren Formen, Deutung der Eigennamen sowie der massoretischen Randbemerkungen und einem deutsch-hebräischen Wortregister / |c von Eduard König. |
| 264 | 1 | |a Leipzig : |b Dieterich, |c 1910. | |
| 300 | |a x, 665 pages ; |c 24 cm. | ||
| 336 | |a text |b txt |2 rdacontent | ||
| 337 | |a unmediated |b n |2 rdamedia | ||
| 338 | |a volume |b nc |2 rdacarrier | ||
| 500 | |a Includes index. | ||
| 650 | 0 | |a Hebrew language |v Dictionaries |x German. | |
| 650 | 0 | |a German language |v Dictionaries |x Hebrew. | |
| 650 | 0 | |a Aramaic language |x Dictionaries |x German. | |
| 650 | 0 | |a German language |v Dictionaries |x Aramaic. | |
| 999 | |a MARS | ||
| 999 | f | f | |s 8aa5cef5-4a7e-3c84-bb92-8e2b2a623d4b |i e1d93810-8414-327d-98da-43266cb7e0a6 |t 0 |
| 952 | f | f | |p ric |a Texas A&M University |b Rellis Campus |c Joint Library Facility |d Remote Storage |t 0 |e PJ4835.G5 K6 1910 |h Library of Congress classification |i unmediated -- volume |m A14812617535 |
| 998 | f | f | |a PJ4835.G5 K6 1910 |t 0 |l Remote Storage |